000 00783nam a2200241Ia 4500
003 OSt
005 20220925212705.0
006 a|||||r|||| 00| 0
007 ta
008 220923b |||||||| |||| 00| 0 eng d
037 _cGeneral Book
040 _aRTL
_cRTL
_beng
041 _2eng
_aeng
082 _aX9(J):77.2.N7, L2
100 _aChaudhuri Pramit Ed.
_9277188
245 0 _aReadings in Indian agricultural development.
260 _aLondon
_bAllen and unwin UK
_c1972
300 _a192p. Bib p 139.
_ccm.
500 _aFor the companion volume see; Chaudhuri, Ed : Aspects of Indian economic development.
650 _aAgriculture Industries-prices
942 _hX9(J):77.2.N7, L2
_cGB
_2CC
999 _c560961
_d560961